Statistiques concernant Nombres par première apparence d'une lettre

Cliquez ici pour prendre le quiz!

Statistiques générales

  • Ce quiz a été pris 412 fois
  • Le résultat moyen est 14 sur 23

Statistiques - réponses

LettreNombre (en lettres)% Correct
DDeux
93%
CCinq
91%
AQuatre
83%
HHuit
73%
TTrois
73%
UUn
73%
QQuatre
72%
EZéro
69%
ITrois
68%
ZZéro
64%
NUn
63%
OZéro
62%
STrois
57%
RZéro
57%
XDeux
54%
FNeuf
53%
VVingt
51%
MMille
50%
BBillion
43%
GVingt
42%
PSept
40%
LMille
39%
YMyrillion
0%

Distribution des résultats

Percentile par nombre de réponses

% des personnes avec chaque résultat

Votre développement - résultats

Vous n’avez pas pris ce quiz